| 000 | 00996nam a22002537a 4500 | ||
|---|---|---|---|
| 005 | 20091111111733.0 | ||
| 008 | 091111t xxu||||| |||| 00| j hin d | ||
| 010 | _aHIN-92494 | ||
| 020 |
_c300.00 _a9788187988410 |
||
| 035 | _aHN-64840 | ||
| 037 | _bDBAD / PUB | ||
| 040 |
_aDPL _bHN |
||
| 082 | _a921 | ||
| 100 |
_aकालभोर, गोपीनाथ _927478 |
||
| 245 |
_aशहीद भगतसिंह / _cगोपीनाथ कालभोर |
||
| 246 |
_aShahid Bhagat _bby Gopinath Kalbhor |
||
| 260 |
_aजयपुर _bज्योति प्रकाशन _c2010 |
||
| 270 |
_a187, बरकत नगर, टोंक फाटक _bजयपुर _e302015 |
||
| 300 |
_a184पृ _c22सेमी (सजिल्द) |
||
| 650 | _91169 | ||
| 650 | _91170 | ||
| 942 |
_2ddc _cHN _h921 _mकालभो |
||
| 999 |
_c51913 _d51913 |
||